<?xml version="1.0" encoding="UTF-8"?>
<record
    xmlns:xsi="http://www.w3.org/2001/XMLSchema-instance"
    xsi:schemaLocation="http://www.loc.gov/MARC21/slim http://www.loc.gov/standards/marcxml/schema/MARC21slim.xsd"
    xmlns="http://www.loc.gov/MARC21/slim">

  <leader>00902nam a2200253 a 4500</leader>
  <datafield tag="999" ind1=" " ind2=" ">
    <subfield code="c">628</subfield>
    <subfield code="d">628</subfield>
  </datafield>
  <controlfield tag="005">20191217041553.0</controlfield>
  <controlfield tag="008">140221b1990    ck ado gr||||o00| 0 spa d</controlfield>
  <datafield tag="040" ind1=" " ind2=" ">
    <subfield code="a">CO-BoIAVH</subfield>
    <subfield code="c">CO-BoIAVH</subfield>
  </datafield>
  <datafield tag="041" ind1="0" ind2=" ">
    <subfield code="a">spa</subfield>
  </datafield>
  <datafield tag="044" ind1=" " ind2=" ">
    <subfield code="a">ck</subfield>
  </datafield>
  <datafield tag="090" ind1=" " ind2=" ">
    <subfield code="a">IND-I</subfield>
    <subfield code="b">50</subfield>
  </datafield>
  <datafield tag="110" ind1="2" ind2=" ">
    <subfield code="b">Departamento Nacional de Planeaci&#xF3;n</subfield>
    <subfield code="a">Colombia.</subfield>
  </datafield>
  <datafield tag="245" ind1="1" ind2="0">
    <subfield code="a">Plan de acci&#xF3;n forestal para Colombia</subfield>
  </datafield>
  <datafield tag="260" ind1=" " ind2=" ">
    <subfield code="a">Bogot&#xE1; :</subfield>
    <subfield code="b">DNP :</subfield>
    <subfield code="b">Ministerio de Agricultura :</subfield>
    <subfield code="b">Inderena :</subfield>
    <subfield code="b">CONIF y ACIF,</subfield>
    <subfield code="c">1990.</subfield>
  </datafield>
  <datafield tag="300" ind1=" " ind2=" ">
    <subfield code="a">257 paginas :</subfield>
    <subfield code="b">ilustraciones ;</subfield>
    <subfield code="c">33 x 23 cm.</subfield>
  </datafield>
  <datafield tag="505" ind1="0" ind2=" ">
    <subfield code="a">Volumen 1: 1987.
Volumen 2: 1989-1992.</subfield>
  </datafield>
  <datafield tag="650" ind1=" " ind2="4">
    <subfield code="a">Plan de acci&#xF3;n forestal</subfield>
  </datafield>
  <datafield tag="650" ind1=" " ind2="4">
    <subfield code="a">Silvicultura</subfield>
  </datafield>
  <datafield tag="650" ind1=" " ind2="4">
    <subfield code="a">Aprovechamiento forestal</subfield>
  </datafield>
  <datafield tag="710" ind1="2" ind2=" ">
    <subfield code="a">Colombia. Ministerio de Agricultura</subfield>
  </datafield>
  <datafield tag="710" ind1="2" ind2=" ">
    <subfield code="a">Inderena</subfield>
  </datafield>
  <datafield tag="710" ind1="2" ind2=" ">
    <subfield code="a">Corporaci&#xF3;n Nacional de Investigaci&#xF3;n y Fomento Forestal</subfield>
  </datafield>
  <datafield tag="942" ind1=" " ind2=" ">
    <subfield code="c">INFORME</subfield>
    <subfield code="2">z</subfield>
  </datafield>
  <datafield tag="952" ind1=" " ind2=" ">
    <subfield code="0">0</subfield>
    <subfield code="1">0</subfield>
    <subfield code="2">z</subfield>
    <subfield code="4">0</subfield>
    <subfield code="7">0</subfield>
    <subfield code="8">INDERENA</subfield>
    <subfield code="a">Bogota</subfield>
    <subfield code="b">Bogota</subfield>
    <subfield code="d">2003-05-07</subfield>
    <subfield code="e">Biocomercio</subfield>
    <subfield code="l">0</subfield>
    <subfield code="o">IND-I-50</subfield>
    <subfield code="p">004801</subfield>
    <subfield code="r">2012-12-04 00:00:00</subfield>
    <subfield code="t">Ej. 1</subfield>
    <subfield code="w">2012-12-04</subfield>
    <subfield code="x">Traslado IND</subfield>
    <subfield code="y">INFORME</subfield>
  </datafield>
  <datafield tag="952" ind1=" " ind2=" ">
    <subfield code="0">0</subfield>
    <subfield code="1">0</subfield>
    <subfield code="2">ddc</subfield>
    <subfield code="4">0</subfield>
    <subfield code="7">0</subfield>
    <subfield code="8">GENERAL</subfield>
    <subfield code="a">Bogota</subfield>
    <subfield code="b">Bogota</subfield>
    <subfield code="d">2004-03-01</subfield>
    <subfield code="e">Instituto</subfield>
    <subfield code="l">0</subfield>
    <subfield code="o">LB-333.7516 D41p</subfield>
    <subfield code="p">015586</subfield>
    <subfield code="r">2012-12-04 00:00:00</subfield>
    <subfield code="t">V. 1 Ej. 1</subfield>
    <subfield code="w">2012-12-04</subfield>
    <subfield code="x">Donaci&#xF3;n</subfield>
    <subfield code="y">LIBRO</subfield>
  </datafield>
  <datafield tag="952" ind1=" " ind2=" ">
    <subfield code="0">0</subfield>
    <subfield code="1">0</subfield>
    <subfield code="2">ddc</subfield>
    <subfield code="4">0</subfield>
    <subfield code="7">0</subfield>
    <subfield code="8">GENERAL</subfield>
    <subfield code="a">Bogota</subfield>
    <subfield code="b">Bogota</subfield>
    <subfield code="d">2004-03-01</subfield>
    <subfield code="e">Instituto</subfield>
    <subfield code="l">0</subfield>
    <subfield code="o">LB-333.7516 D41p</subfield>
    <subfield code="p">015585</subfield>
    <subfield code="r">2012-12-04 00:00:00</subfield>
    <subfield code="t">V. 2 Ej. 1</subfield>
    <subfield code="w">2012-12-04</subfield>
    <subfield code="x">Donaci&#xF3;n</subfield>
    <subfield code="y">LIBRO</subfield>
  </datafield>
</record>
